000 00307nam a22001217a 4500
008 211127b ||||| |||| 00| 0 eng d
020 _a9789386446831
050 _a302
_b1
245 _aAn Introduction To Social Psychology
260 _aNew Delhi
_bSAGE Publications
_c2018
300 _a1
942 _2ddc
_cBK
999 _c11919
_d11919